The noble scholar, jurist, historian


 His Excellency Dr. Abdul Wahhab bin Ibrahim Abu Sulaiman, may Allah have mercy on him.


 He was born in Umm Al-Qura in the year 1356 AH.

إعلاء السنن / (Record no. 6189)

MARC details
000 -LEADER
fixed length control field 01549cam a22003371ia4500
003 - CONTROL NUMBER IDENTIFIER
control field SA-RiAUC
005 - DATE AND TIME OF LATEST TRANSACTION
control field 20250224072159.0
008 - FIXED-LENGTH DATA ELEMENTS--GENERAL INFORMATION
fixed length control field 250224s1997 le g b 001 0 ara c
040 ## - CATALOGING SOURCE
Original cataloging agency KW-ShULA
Language of cataloging ara
Transcribing agency SA-RiAUC
Description conventions rda
050 #4 - LIBRARY OF CONGRESS CALL NUMBER
Item number .T34 1997
082 04 - DEWEY DECIMAL CLASSIFICATION NUMBER
Classification number 237.3
Assigning agency SA-RiAUC
090 ## - LOCALLY ASSIGNED LC-TYPE CALL NUMBER (OCLC); LOCAL CALL NUMBER (RLIN)
Classification number (OCLC) (R) ; Classification number, CALL (RLIN) (NR) 237.3
Local cutter number (OCLC) ; Book number/undivided call number, CALL (RLIN) ت هـ ا
100 1# - MAIN ENTRY--PERSONAL NAME
Personal name التهانوي، ظفر أحمد بن لطيف العثماني،
Dates associated with a name 1310-1394 هجري
Relator term مؤلف.
245 10 - TITLE STATEMENT
Title إعلاء السنن /
Statement of responsibility, etc. تأليف ظفر أحمد العثماني التهانوي ؛ على ضوء ما أفاده أشرف علي التهانوي ؛ تحقيق حازم القاضي.
250 ## - EDITION STATEMENT
Edition statement الطبعة الأولى.
264 #1 - PRODUCTION, PUBLICATION, DISTRIBUTION, MANUFACTURE, AND COPYRIGHT NOTICE
Place of production, publication, distribution, manufacture بيروت :
Name of producer, publisher, distributor, manufacturer دار الكتب العلمية،
Date of production, publication, distribution, manufacture, or copyright notice 1997
300 ## - PHYSICAL DESCRIPTION
Extent 22 مجلد ؛
Dimensions 24 سم
336 ## - CONTENT TYPE
Content type term نص
Content type code txt
Source rdacontent
Materials specified كتاب
337 ## - MEDIA TYPE
Media type term بدون وسيط
Media type code n
Source rdamedia
338 ## - CARRIER TYPE
Carrier type term مجلد
Carrier type code nc
Source rdacarrier
500 ## - GENERAL NOTE
General note يشتمل على كشافات.
504 ## - BIBLIOGRAPHY, ETC. NOTE
Bibliography, etc. note يشتمل على إرجاعات ببليوجرافية.
590 ## - LOCAL NOTE (RLIN)
Local note خلفان.
650 #7 - SUBJECT ADDED ENTRY--TOPICAL TERM
Topical term or geographic name entry element الحديث
General subdivision أحكام
Source of heading or term aucsh
650 #7 - SUBJECT ADDED ENTRY--TOPICAL TERM
Topical term or geographic name entry element الحديث
General subdivision إسناد
Source of heading or term aucsh
700 12 - ADDED ENTRY--PERSONAL NAME
Relationship information تحقيق لـ (عمل) :
Personal name التهانوي، ظفر أحمد بن لطيف العثماني،
Dates associated with a name 1310-1394 هجري
Title of a work إعلاء السنن
700 1# - ADDED ENTRY--PERSONAL NAME
Personal name التهانوي، أشرف علي،
Dates associated with a name 1863-1943‏
Relator term راوي.
700 1# - ADDED ENTRY--PERSONAL NAME
Personal name القاضي، أبو الزهراء حازم
Relator term محقق.
942 ## - ADDED ENTRY ELEMENTS (KOHA)
Source of classification or shelving scheme Dewey Decimal Classification
Koha item type Books
Suppress in OPAC No
949 ## - LOCAL PROCESSING INFORMATION (OCLC)
a SA-JeALM
d 250224
u eid123
n 1
Holdings
Withdrawn status Lost status Source of classification or shelving scheme Materials specified (bound volume or other part) Damaged status Not for loan Home library Current library Date acquired Total checkouts Full call number Barcode Date last seen Price effective from Koha item type
    Dewey Decimal Classification المجلد الاول (الجزء الاول و الثاني)     DR AbdElwahab Library DR AbdElwahab Library 02/24/2025   237.3 ت هـ ا 000010235 02/24/2025 02/24/2025 Books
    Dewey Decimal Classification المجلد الثاني (الجزء الثالث و الرابع)     DR AbdElwahab Library DR AbdElwahab Library 02/24/2025   237.3 ت هـ ا 000010236 02/24/2025 02/24/2025 Books
    Dewey Decimal Classification المجلد الثالث (الجزء الخامس والسادس والسابع)     DR AbdElwahab Library DR AbdElwahab Library 02/24/2025   237.3 ت هـ ا 000010237 02/24/2025 02/24/2025 Books
    Dewey Decimal Classification المجلد الرابع (الجزء الثامن والتاسع)     DR AbdElwahab Library DR AbdElwahab Library 02/24/2025   237.3 ت هـ ا 000010238 02/24/2025 02/24/2025 Books
    Dewey Decimal Classification المجلد الخامس (الجزء العاشر)     DR AbdElwahab Library DR AbdElwahab Library 02/24/2025   237.3 ت هـ ا 000010239 02/24/2025 02/24/2025 Books
    Dewey Decimal Classification المجلد السادس (الجزء الحادي عشر)     DR AbdElwahab Library DR AbdElwahab Library 02/24/2025   237.3 ت هـ ا 000010240 02/24/2025 02/24/2025 Books
    Dewey Decimal Classification المجلد السابع (الجزء الثاني عشر)     DR AbdElwahab Library DR AbdElwahab Library 02/24/2025   237.3 ت هـ ا 000010241 02/24/2025 02/24/2025 Books
    Dewey Decimal Classification المجلد الثامن (الجزء الثالث عشر)     DR AbdElwahab Library DR AbdElwahab Library 02/24/2025   237.3 ت هـ ا 000010242 02/24/2025 02/24/2025 Books
    Dewey Decimal Classification المجلد التاسع (الجزء الرابع عشر)     DR AbdElwahab Library DR AbdElwahab Library 02/24/2025   237.3 ت هـ ا 000010243 02/24/2025 02/24/2025 Books
    Dewey Decimal Classification المجلد العاشر (الجزء الخامس عشر)     DR AbdElwahab Library DR AbdElwahab Library 02/24/2025   237.3 ت هـ ا 000010244 02/24/2025 02/24/2025 Books
    Dewey Decimal Classification المجلد الحادي عشر (الجزء السادس عشر)     DR AbdElwahab Library DR AbdElwahab Library 02/24/2025   237.3 ت هـ ا 000010245 02/24/2025 02/24/2025 Books
    Dewey Decimal Classification المجلد الثاني عشر (الجزء السابع عشر)     DR AbdElwahab Library DR AbdElwahab Library 02/24/2025   237.3 ت هـ ا 000010246 02/24/2025 02/24/2025 Books
    Dewey Decimal Classification المجلد الثالث عشر (الجزء الثامن عشر)     DR AbdElwahab Library DR AbdElwahab Library 02/24/2025   237.3 ت هـ ا 000010247 02/24/2025 02/24/2025 Books
    Dewey Decimal Classification المجلد الاول (الجزء الاول و الثاني)     DR AbdElwahab Library DR AbdElwahab Library 02/24/2025   237.3 ت هـ ا 000010248 02/24/2025 02/24/2025 Books
    Dewey Decimal Classification المجلد الخامس عشر (فهارس)     DR AbdElwahab Library DR AbdElwahab Library 02/24/2025   237.3 ت هـ ا 000010249 02/24/2025 02/24/2025 Books